La muerte y la doncella

Gorde:
Xehetasun bibliografikoak
Egile nagusia: Dorfman, Ariel (Egilea)
Formatua: Liburua
Hizkuntza:gaztelania
Argitaratua: Santiago Lom 1997
Saila:Colección Septiembre
Gaiak:
Etiketak: Etiketa erantsi
Etiketarik gabe, Izan zaitez lehena erregistro honi etiketa jartzen!

MARC

LEADER 00000nam a2200000 a 4500
001 UCM1214
003 CL-VaPUC
008 020328e19970000CL |||||||||||||||||spa|d
082 0 4 |a Ch862  |b DOR  |2 21 
100 0 |a Dorfman, Ariel  |e author  |9 468189 
245 1 3 |a La muerte y la doncella 
300 |a 101 p 
942 |c BK 
945 |d 20020328 00:00:00  |a vberengu 
260 |a Santiago  |b Lom  |c 1997 
650 0 |a Teatro chileno  |9 266701 
650 0 |a Literatura chilena   |9 308278 
650 0 |a Dramas chilenos  |9 313819 
583 |a last modification  |c 20020328 00:00:00  |k Rodrigo Vera 
490 0 |a Colección Septiembre 
999 |c 299813  |d 299811 
952 |0 0  |1 0  |4 0  |6 CH_862_000000000000000_DOR_1997  |7 0  |8 R  |9 356761  |a BIBEDU  |b BIBEDU  |c MCIRC  |d 2019-11-21  |i 380299K  |l 1  |o Ch862 DOR 1997  |p 380299K  |r 2025-04-22  |s 2025-04-10  |w 2019-11-21  |y BK_R  |k LIT